000 00424nam a2200145 i 4500
001 30072
003 ES-MaACL
007 t|
008 030123s1982 sp ||||1| spa d
100 1 _aBarrio Alonso, José.
_925999
245 1 0 _aTécnicas digitales
_b: bases y aplicaciones /
_cJosé Barrio Aznar.
260 _aMadrid :
_bParaninfo,
_c1982.
300 _a192 p. :
_bil. ;
_c22 cm.
852 _aES-MaACL
_jL-3675
_bR.103874
999 _c30072
_d30072